Catálogo
 En Linea

Método de alimentación multidimensional (Metalim) : (Registro nro. 24120)

Detalles MARC
000 -CABECERA
campo de control de longitud fija 00947nam a2200217 a 4500
001 - NÚMERO DE CONTROL
campo de control 000024627
005 - FECHA Y HORA DE LA ÚLTIMA TRANSACCIÓN
campo de control 20200930023257.0
008 - DATOS DE LONGITUD FIJA--INFORMACIÓN GENERAL
campo de control de longitud fija 110201s2004 mx ac r 000 0 spa d
040 ## - FUENTE DE LA CATALOGACIÓN
Centro catalogador/agencia de origen DO-SdBNP
Lengua de catalogación spa
Centro/agencia transcriptor BNPHU
082 ## - NÚMERO DE LA CLASIFICACIÓN DECIMAL DEWEY
Número de clasificación xxxxx
Número de documento/Ítem R459m
049 ## - FONDOS LOCALES (OCLC)
Fondos de biblioteca BNGR
100 1# - ENTRADA PRINCIPAL--NOMBRE DE PERSONA
Nombre de persona Reynaga, Rubén
9 (RLIN) 50502
245 10 - MENCIÓN DE TÍTULO
Título Método de alimentación multidimensional (Metalim) :
Resto del título el peso ideal y la salud óptima siempre van de la mano /
Mención de responsabilidad, etc. Rubén Reynaga.
250 ## - MENCIÓN DE EDICIÓN
Mención de edición 2a ed.
260 ## - PUBLICACIÓN, DISTRIBUCIÓN, ETC.
Lugar de publicación, distribución, etc. México, D. F. :
Nombre del editor, distribuidor, etc. venta Universal,
Fecha de publicación, distribución, etc. 2004.
300 ## - DESCRIPCIÓN FÍSICA
Extensión 300 p. :
Otras características físicas il., retrs. ;
Dimensiones 21.5 cm.
500 ## - NOTA GENERAL
Nota general En la portada: el único sistema que ha sido probado en millones de personas en docenas de países desde los años setentas con resultados impresionantes.
500 ## - NOTA GENERAL
Nota general En la cubierta: Cómo bajar de peso en 25 días y sin dejar de comer y sin hacer ejercicio.
500 ## - NOTA GENERAL
Nota general Incluye notas al pie de las páginas.
500 ## - NOTA GENERAL
Nota general Incluye bibliografía p. [295-300].
Existencias
Estado de retiro Estado de pérdida Restricciones de uso No para préstamo Código de colección Localización permanente Ubicación/localización actual Ubicación en estantería Fecha de adquisición Número de inventario Total de préstamos Signatura topográfica completa Código de barras Fecha visto por última vez Precio válido a partir de Tipo de ítem Koha Número de copia
        Monografías: Libros y Folletos General General En catalogación 01.02.2011 LF1   xxxxx R459m 24627-10 25.06.2020 25.06.2020 Préstamo en sala  
      Préstamo restrigido Monografías: Libros y Folletos General General En catalogación 01.02.2011 LF1   xxxxx R459m 24627-20 25.06.2020 25.06.2020 Préstamo en sala e. 2

Con tecnología Koha